Ferdinad Magellan and the first trip around the world / (Record no. 112462)
[ view plain ]
| 000 -LEADER | |
|---|---|
| fixed length control field | 00683nam a2200205 a 4500 |
| 001 - CONTROL NUMBER | |
| control field | 4128 |
| 005 - DATE AND TIME OF LATEST TRANSACTION | |
| control field | 20140414131936.0 |
| 008 - FIXED-LENGTH DATA ELEMENTS--GENERAL INFORMATION | |
| fixed length control field | 090209s19uu xx 00 eng d |
| 020 ## - INTERNATIONAL STANDARD BOOK NUMBER | |
| International Standard Book Number | 0-7565-0125-3 |
| 050 ## - LIBRARY OF CONGRESS CALL NUMBER | |
| Classification number | REF 910.92 |
| Item number | B91 2001 |
| 100 ## - MAIN ENTRY--PERSONAL NAME | |
| Personal name | Burgan, Michael |
| 245 ## - TITLE STATEMENT | |
| Title | Ferdinad Magellan and the first trip around the world / |
| Statement of responsibility, etc | by Michael Burgan. |
| 260 ## - PUBLICATION, DISTRIBUTION, ETC. (IMPRINT) | |
| Place of publication, distribution, etc | Minneapolis : |
| Name of publisher, distributor, etc | Compass Point Books, |
| Date of publication, distribution, etc | c2001. |
| 300 ## - PHYSICAL DESCRIPTION | |
| Extent | 48 p. : col., ill. cm. |
| 440 ## - SERIES STATEMENT/ADDED ENTRY--TITLE | |
| Title | Exploring the world |
| 500 ## - GENERAL NOTE | |
| General note | Includes index. |
| 650 ## - SUBJECT ADDED ENTRY--TOPICAL TERM | |
| Topical term or geographic name as entry element | Magalhaes, Fernao de, d. 1521 |
| General subdivision | Journeys |
| -- | Juvenile literature. |
| 650 ## - SUBJECT ADDED ENTRY--TOPICAL TERM | |
| Topical term or geographic name as entry element | Explorers |
| General subdivision | Portugal |
| -- | Biography |
| -- | Juvenile literature. |
| Withdrawn status | Lost status | Damaged status | Use restrictions | Home library | Current library | Shelving location | Date acquired | Source of acquisition | Total Checkouts | Full call number | Barcode | Date last seen | Price effective from | Koha item type |
|---|---|---|---|---|---|---|---|---|---|---|---|---|---|---|
| Munich Library | Munich Library | Reference Section | 02/16/2009 | REF 910.92 B91 2001 | M3762 | 04/14/2014 | 04/14/2014 | Books |